000 00475nam a2200193Ia 4500
003 OSt
005 20251203093331.0
008 210210b1990 xxu||||| |||| 00| 0 eng d
040 _cAL
041 _aeng
082 _a291 RAJW
100 _aRajendra Kumar
_9247322
245 _aWorld famous religious doctrines and sects
260 _aN D
_bFamily Books Pvt Ltd
_c1990
300 _a120p
690 _aComparative Religion
_9247323
906 _a045543
942 _2ddc
_cBK
999 _c94932
_d94932